00704nam a22002177a 4500003000400000005001700004008004100021020002200062040003700084082003200121245007600153250002000229260003900249300002900288500005300317650002400370650001600394650001900410700002600429700003100455OSt20260407062102.0260407t2005 |||||||| |||| 00| | eng d a978-0-340-88499-7 cJMCFI - Learning Resource Center aF.P./G.Ed. 302.23 M414 2005 aMass media and society /cedited by James Curran and Michael Gurevitch. aFourth edition. aLondon :bHodder Education,c2005. aviii, 400 pages ;c25 cm aIncludes indexes and bibliographical references. aMass communication. aMass media. aCommunication. aCurran, Jameseeditor aGurevitch, Michaeleeditor